00920 a2200229 4500010001400000020001100014035001300025037001500038082001100053090001500064100001600079245017400095250001600269260004400285270012400329300002200453700002100475700002200496942002600518999001500544952013100559 aENG-85819 c125.00 aEN-6935214bDBAD / PUB1 a658.15 c3782d37821 aReddy, P.N. aTextbook of financial managementcby P.N. Reddy, H.R. Appannaiah and B.G.Satyaprasadb(text, problems, solutions and cases), BBM IV semester scheme Bangalore University a2nd rev.ed. aMumbaibHimalaya Publishing Housec2007 a"Ramdoot", Dr. Bhalerao Marg, GirgaonbMumbaicMaharashtrae400 004k23860170 & 23863863l022-23877178mhimpub@vsnl.com a304p.c24cm (pbk) aAppannaiah, H.R. aSatyaprasad, B.G. adplcENk658.15 / RED c3704d3704 00102ddc40718NFICaDBADbDBADeDBAD/PUBg125.00l0o658.15pEN-69352r2008-09-15 00:00:00t1u3940v125.00w2008-09-15yEN